The Cycle of American Literature (Record no. 10128)
[ view plain ]
| 000 -LEADER | |
|---|---|
| fixed length control field | 00193 a2200085 4500 |
| 005 - DATE AND TIME OF LATEST TRANSACTION | |
| control field | 20191017173336.0 |
| 084 ## - OTHER CLASSIFICATION NUMBER | |
| Classification number | NONE |
| 100 ## - MAIN ENTRY--PERSONAL NAME | |
| Personal name | Robert E Spiller |
| 245 ## - TITLE STATEMENT | |
| Title | The Cycle of American Literature |
| Medium | Text |
| 650 ## - SUBJECT ADDED ENTRY--TOPICAL TERM | |
| Topical term or geographic name entry element | literature |
No items available.